000
00228nam a2200121Ia 4500
100
_a
#N/A
650
_a
Compputers
942
_c
BK
654
_a
linux
245
_a
PCQ Linux Server
260
_b
#N/A
_c
2006
546
_a
ENGLISH
999
_c
21442
_d
21442